00551nam a2200145Ia 4500008004100000100002400041245004900065245004900114260006300163260001000226300002900236440008900265650001700354650003400371180925s9999 xx 000 0 und d aKravitz, Richard H. 4aThe CPA Journal: the voice of the profession cThe CPA Journal: the voice of the profession bThe New york state society of certified public accountants c2018. apages 5-80, January 2018 aThe Tax cuts and jobs act: how will I impact taxpayers and the economy?vLXXXXVIII.1 aAccountancy. aTaxation -- economic aspects.